| 000 | 01082nam a22003257a 4500 | ||
|---|---|---|---|
| 003 | EG-ScBUE | ||
| 005 | 20220616122857.0 | ||
| 008 | 110602s2008 enk f 000 1 eng d | ||
| 020 | _a1405867817 | ||
| 020 | _a9781405867818 | ||
| 040 |
_aEG-ScBUE _beng _erda _cEG-ScBUE _dEG-ScBUE |
||
| 082 | 0 | 4 |
_222 _a823.8 _bGAS |
| 100 | 1 |
_920983 _aGaskell, Elizabeth Cleghorn, _d1810-1865, _eauthor. |
|
| 245 | 1 | 0 |
_aNorth and south / _cElizabeth Gaskell ; retold by Mary Tomalin. |
| 264 | 1 |
_aHarlow, England : _bPearson Education Limited, _c2008. |
|
| 300 |
_aix, 108 pages ; _c20 cm. |
||
| 336 |
_2rdacontent _atext _btxt |
||
| 337 |
_2rdamedia _aunmediated _bn |
||
| 338 |
_2rdacarrier _avolume _bnc |
||
| 490 | 0 |
_aPenguin readers ; _vlevel 6 |
|
| 521 | _aC1: Advanced | ||
| 650 | 7 |
_919418 _aYoung women _vFiction. _2BUEsh |
|
| 650 | 7 |
_aMothers and daughters _vFiction. _2BUEsh |
|
| 650 | 7 |
_aChildren of clergy _vFiction. _2BUEsh |
|
| 651 | _2BUEsh | ||
| 653 |
_cJune2011 _bHHUUEENN |
||
| 655 |
_vReading book _934232 |
||
| 700 | 1 |
_924571 _aTomalin, Mary, _econtributor. |
|
| 942 |
_2ddc _cBB |
||
| 999 |
_c15509 _d15509 |
||